Представление документа в формате MARC21

Поле Инд. ПП Название Значение
Тип записи a
Библиографический уровень c
001 Контрольный номер 6b9e96c62b864b04865e0fe5a5da6344
005 Дата корректировки 20260513122712.6
040 b Код языка каталог. rus
e Правила каталог. PSBO
041 0_ a Код языка текста rus
097 b Оператор *Ир*
245 10 a Заглавие Учебно-методический комплекс дисциплины "Индивидуальный проект". Специальность 07.02.01 Архитектура. Направленность: Архитектурно-строительное черчение, графика и проектирование с использованием систем автоматизированного проектирования
c Ответственность Кафедра "Конструкции и сооружения"
c Ответственность составитель М.А. Смирнов
b Продолж. заглавия ФГОС 3++
260 c Дата издания 2026
a Место издания Тверь
b Издательство ТвГТУ
440 _0 a Серия УМК
516 8_ a Прим. о типе комп. файла/ данных Текст : электронный
535 1_ a Хранилище сайт ТвГТУ
653 a Ключевые слова СПО
856 40 u URL https://elib.tstu.tver.ru/MegaPro/GetDoc/Megapro/190502
901 t Тип документа x
905 b Дата создания записи обработка 10.04.26
922 c Кафедра Конструкции и сооружения
951 i EL-ТГТУ? Да
a EL-УМК? *Готов*
d EL-Информация? За электронные документы, представленные в УМК, несет ответственность кафедра и разработчик УМК
952 h НВВ-Полн.число УМКД 5 док.
990 f Даты поступлений (DOS) 30.03.26
h N записи в КСУ для Б/У (DOS) 6/2026э